Until the End of the World (Record n. 99360)

Dettagli MARC
000 -LEADER
fixed length control field 01526njm a2200289Ia 4500
001 - CONTROL NUMBER
control field A5924
003 - CONTROL NUMBER IDENTIFIER
control field IT-RoPAU
005 - DATE AND TIME OF LATEST TRANSACTION
control field 20220918181115.0
008 - FIXED-LENGTH DATA ELEMENTS--GENERAL INFORMATION
fixed length control field 131025s9999 xx 000 0 und d
040 ## - CATALOGING SOURCE
Original cataloging agency IT-RoPAU
040 ## - CATALOGING SOURCE
Transcribing agency IT-RoPAU
041 ## - LANGUAGE CODE
Language code of text/sound track or separate title INGLESE
999 ## - SYSTEM CONTROL NUMBERS (KOHA)
Koha Dewey Subclass [OBSOLETE] n.d.
100 ## - MAIN ENTRY--PERSONAL NAME
Personal name AA.VV.
9 (RLIN) 794
100 ## - MAIN ENTRY--PERSONAL NAME
Relator term Autore musica
9 (RLIN) 28288
100 ## - MAIN ENTRY--PERSONAL NAME
Miscellaneous information Codice autore musica SPICS: 12000
9 (RLIN) 796
245 ## - TITLE STATEMENT
Title Until the End of the World
250 ## - EDITION STATEMENT
Edition statement 1a ed.
260 ## - PUBLICATION, DISTRIBUTION, ETC. (IMPRINT)
Place of publication, distribution, etc. LONDON
260 ## - PUBLICATION, DISTRIBUTION, ETC. (IMPRINT)
Name of publisher, distributor, etc. ISLAND RECORDS
Date of publication, distribution, etc. 1991 [1a Ed.:1991 - Ed. Lingua Orig.: 1991]
300 ## - PHYSICAL DESCRIPTION
Extent COMPACT DISC
500 ## - GENERAL NOTE
General note Colonna sonora originale del film "Fino alla fine del mondo" di Wim Wenders. Brani di autori vari.
505 ## - FORMATTED CONTENTS NOTE
Formatted contents note Opening Titles (Darling David) - Sax and Violins (Talking Heads) - Summer Kisses, Winter Tears (Cruise Julee) - Move With Me [(Dub) (Cherry Neneh)] - The Adversary (Crime & The City Solution) - What's Good (Reed Lou) - Last Night Sleep - Fretless (R.E.M.) - Days (Costello Elvis) - Claire's Theme (Darling David) - Till the End of the World [(I'll Love You) (Cave Nick)] - It Takes Time (Smith Patti) - Death's Door (Depeche Mode) - Love Theme (Darling David) - Calling All Angels (Siberry Jane) - Humans From Earth (Burnett T-Bone) - Sleeping In the Devil's Bed (Lanois Daniel) - Until the End of the World (U2)
650 ## - SUBJECT ADDED ENTRY--TOPICAL TERM
Topical term or geographic name as entry element COLONNA SONORA [COMPACT DISC]
Relator term Codice MATERIA SPICS: 9949
9 (RLIN) 28289
700 ## - ADDED ENTRY--PERSONAL NAME
Personal name AA.VV.
Dates associated with a name Codice autore testo/musica SPICS: 12000
Relator term Autore testo/musica
9 (RLIN) 28290
942 ## - ADDED ENTRY ELEMENTS (KOHA)
Koha item type CD AUDIO
Source of classification or shelving scheme Dewey Decimal Classification
Dati di copia
Withdrawn status Lost status Damaged status Not for loan Home library Current library Date acquired Total Checkouts Full call number Date last seen Price effective from Koha item type Public note
    Buone Condizioni Not For Loan SPICS-MEDIATECA SPICS-MEDIATECA 25/10/2013   A5924 25/10/2013 25/10/2013 CD AUDIO Progr. Ins.: 304 / N.Vol.: 1 / Copie: 1 - Copia rara: n.d. / date import: 01.01.2014 - By Epidotti, Trombetti, Vaglietti
CREDITS: SOCIETA' SAN PAOLO Via A.Severo, 58 - ROMA (RM) & PERIODICI SAN PAOLO SRL Via Giotto, 36 MILANO & CISF Via Giotto, 36 MILANO & EDIZIONI SAN PAOLO SRL,  Piazza Soncino, 5 CINISELLO BALSAMO (MI) -- ITALY